| 000 | 00465nam a2200121 a 4500 | ||
|---|---|---|---|
| 008 | 120416s1974 ||||||||||||||||| || u | ||
| 050 | _aTA 682.49 Gag | ||
| 100 | _aGage, Michael Terence | ||
| 245 | 1 | 0 | _aGuide to exposed concrete finishes |
| 260 |
_aLondon _bThe Architectural Press _c1974 |
||
| 350 | _a0.00 | ||
| 995 |
_D0.00 _FCBU-MAIN LIBRARY (Kitwe) _H1 _I0.00 _M1 _UAVAILABLE _ZAnnex Low-Usage Collection |
||
| 999 |
_c45092 _d45092 |
||